000 00583nam a2200205 i 4500
001 137954
003 ES-MaACL
005 20250813062719.0
007 t|
008 070214s1981 sp |||| | spa d
080 _a821.134.2-31"19"
100 1 _aSánchez Ferlosio, Rafael,
_d1927-2019
_9102633
245 1 4 _aLas semanas del jardín /
_cRafael Sánchez Ferlosio.
260 _aMadrid :
_bAlianza,
_c1981.
300 _a383 p. :
_bil. ;
_c20 cm.
490 1 _aAlianza tres ;
_v80
830 0 0 _aAlianza tres
_v80
_9177344
852 _aES-MaACL
_jL-4579
999 _c137954
_d137954